| 000 | 00953 a2200277 4500 | ||
|---|---|---|---|
| 003 | Nust | ||
| 005 | 20170207165241.0 | ||
| 010 | _a 2008039009 | ||
| 020 | _a0203882229 (ebk) | ||
| 020 | _a0415432642 (hbk : alk. paper) | ||
| 020 | _a9780203882221 (ebk) | ||
| 020 | _a9780415432641 (hbk : alk. paper) | ||
| 035 | _a(OCoLC)ocn247441691 | ||
| 040 | _cNust | ||
| 082 | 0 | 0 | _a378 |
| 245 | 0 | 4 |
_aThe Routledge international handbook of higher education (E-Book) _cedited by Malcolm Tight ... [et al.]. |
| 246 | 3 | 0 | _aInternational handbook of higher education |
| 260 |
_aNew York : _bRoutledge, _c2009. |
||
| 300 |
_axiii, 525 p. : _bill. ; _c26 cm. |
||
| 490 | 1 | _aThe Routledge international handbook series | |
| 650 | 0 | _aEducation, Higher | |
| 650 | 0 | _aEducation, Higher. | |
| 700 | 1 | _aTight, Malcolm. | |
| 830 | 0 | _aRoutledge international handbook series. | |
| 856 | 4 | 1 |
_3Table of contents only _uhttp://www.loc.gov/catdir/toc/ecip0827/2008039009.html |
| 942 |
_2ddc _cBK |
||
| 999 |
_c211241 _d211241 |
||